000
00226nam a2200085Ia 4500
008
120527s9999 xx 000 0 und d
100
_a
UN. NATIONS,2004.Found
245
_a
Our shared responsibility in larger freedom
942
_c
BK
999
_c
25499
_d
25499